| LEADER 00000nam 2200000uu 4500 |
| 001 13399110211 |
| 003 BCNR |
| 008 110203s2551||||th 000 0 tha d |
| 020 9789740457725
|
| 041 0 tha^beng
|
| 060 04 WG166^bย421ร 2551
|
| 100 0 ยุพิน ตามธีรนนท์
|
| 245 10 รายงานฉบับสมบูรณ์การประเมินความคุ้มค่าทางการแพทย์ของการใช้ยากลุ่ม HMG-COA reductase inhibitor (statin) เพื่อป้องกันโรคหัวใจและหลอดเลือดชนิดปฐมภูมิ /^cยุพิน ตามธีรนนท์, ปัณรสี ขอนพุดซา, นักวิจัยหลัก ; อุษา ฉายเกล็ดแก้ว, ยศ ตีระวัฒนานนท์, Stephen Lim, นักวิจัย
|
| 246 30 การประเมินความคุ้มค่าทางการแพทย์ของการใช้ยากลุ่ม HMG-COAreductase inhibitor (statin) เพื่อป้องกันโรคหัวใจและหลอดเลือดชนิดปฐมภูม
|
| 250 พิมพ์ครั้งที่ 2
|
| 260 นนทบุรี :^bโครงการประเมินเทคโนโลยีและนโยบายด้านสุขภาพ,^c2551
|
| 300 0130 หน้า :^bภาพประกอบ ;^c24 ซม.
|
| 650 7 การวิเคราะห์ความคุ้มทุน
|
| 650 7 ยา^xการใช้รักษา
|
| 650 7 หลอดเลือด, โรค^xการรักษาด้วยยา
|
| 650 7 หัวใจ, โรค^xการรักษาด้วยยา
|
| 650 7 หัวใจร่วมหลอดเลือด, โรค^xการรักษาด้วยยา
|
| 650 7 วิจัย
|
| 700 0 ปัณรสี ขอนพุดซา
|
| 700 0 อุษา ฉายเกล็ดแก้ว
|
| 700 0 ยศ ตรีระวัฒนานนท์
|
| 700 1 Lim, Stephen
|
| 710 2 โครงการประเมินเทคโนโลยีและนโยบายด้านสุขภาพ
|
| 999 ^aบรรณารักษ์
|